Treatise On Direct Taxes Code : (Record no. 622334)

MARC details
000 -LEADER
fixed length control field 00454nam a2200181 a 4500
008 - FIXED-LENGTH DATA ELEMENTS--GENERAL INFORMATION
fixed length control field 260503s2009##################000#0#eng##
020 ## - INTERNATIONAL STANDARD BOOK NUMBER
ISBN 9788184781410
082 04 - DEWEY DECIMAL CLASSIFICATION NUMBER
Classification number 343.54052
Item number MIT
100 1# - MAIN ENTRY--AUTHOR NAME
Personal name Mittal, D.P,
245 10 - TITLE STATEMENT
Title Treatise On Direct Taxes Code :
260 ## - PUBLICATION, DISTRIBUTION, ETC. (IMPRINT)
Year of publication 2009.
300 ## - PHYSICAL DESCRIPTION
Number of Pages 102 pages
942 ## - ADDED ENTRY ELEMENTS (KOHA)
Koha item type English Books
Holdings
Withdrawn status Lost status Damaged status Not for loan Home library Current library Date acquired Full call number Accession Number Price effective from Koha item type
        Anna Centenary Library Anna Centenary Library 03.05.2026 343.54052 MIT 93340 03.05.2026 English Books

Find us on the map